00527nam a2200193 a 4500001001300000003000900013005001700022008004100039020001000080082001700090100002300107245003100130260005800161300000800219500003500227505002400262650002400286700002300310nice12345678IN_TiNIC20260116012407.0050524s1954 hyda grp 000 0 urd  ac10000a954.84bHAS1 aHashmi, Nasiruddin aMalika Hayat Bakhshi Begum aHyderabadbDarut Taba Jamia Osmania sarkar aalic1954 a48p aincludes index and biblioraphy2 aIndex, Illustration aHayat Bakhshi Begam1 aHashmi, Nasiruddin